Adagiorvm Omnivm Tam Graecorvm Qvam Latinorvm Avrevm flumen

Bibliographic Details
Main Author: Erazmus Rotterdamský, asi 1466-1536 (Author)
Corporate Author: Prael, Johann (Kolín nad Rýnom, Nemecko) (Printer)
Other Authors: Prael, Johann (Printer), Cortenhoeven, Dirk (Compiler)
Format: Book
Language:Latin
PhysicalDescription:494, [42] s. 8° 12,5 x 13,5 cm
Published: Coloniae Excvdebat Ioannes Prael M.D.XXXIII [=1533] Mense Martio
Subjects:

MARC

LEADER 00000nam a2200000 a 4500
001 vtls001396923
003 SK-MaSNL
005 20260301161748.0
008 251112s1533 gw r 1 lat
015 |a SNBHFA1533 
035 |a SNK000351315 
035 |a urn:nbn:sk:snk-am3izip 
035 |a B7DDC202-6F2F-4F17-A527-03D8A706F1D0 
035 |a urn:nbn:sk:snk-am00gdky 
040 |a SNK  |b slo  |c SNK  |e AACR2 
041 0 |a lat 
044 |a gw  |c DE 
072 7 |a 101  |x Filozofia  |2 konspekt 
080 |a 101  |2 2011 
100 0 |a Erazmus Rotterdamský,  |d asi 1466-1536  |4 aut  |9 21683 
245 1 0 |a Adagiorvm Omnivm Tam Graecorvm Qvam Latinorvm Avrevm flumen  |c ex omni D. Erasmi Rot. aeditione, sub certos rerum locos, nuper a ; Theodorico Cortehoeuio in compedium digestum. At nunc demum ex postrema autoris locupletatione aliquot adagiorum centurijs accurate auctum. Accesserunt quoq; pleraeq; aliae commoditates, quae in priore aeditione desiderabantur. Cum indice locupletissimo, quorumq; in hoc volumine inueniti possunt, citra negotium vllum ostendente. Commoditas haec visa est antehac nunquam, fruatur qui volet 
260 |a Coloniae  |b Excvdebat Ioannes Prael  |c M.D.XXXIII [=1533] Mense Martio 
300 |a 494, [42] s.  |c 8°  |c 12,5 x 13,5 cm 
500 |a Signet, iniciálka s ornamentálnym pozadím v rámčeku na 8 r., rubriky, typografické ozdoby, kustody 
510 4 |a VD 16 E/1958 
546 |a Latinský jazyk  |b Antikva 
561 |a Proveniencia: Georgij Sebastianj Jenisch Silesij Anno M.DC.XXVII - Leop. Scherschnicky [?] 1809.  |5 SNK IE 9750 
563 |a Väzba: Pergamen, torzo stredovekého kódexu s čiernym, červeným a modrým písmom.  |5 SNK IE 9750 
650 0 7 |a fiozofia  |2 SNKPH  |9 525249 
700 1 |a Prael, Johann  |4 prt  |9 525250 
700 1 |a Cortenhoeven, Dirk  |4 com  |9 525251 
700 1 |a Jenisch, Georg Sebastian  |4 fmo  |9 525252 
700 1 |a Scherschnicky, Leop.  |4 fmo  |9 525253 
710 2 |a Prael, Johann (Kolín nad Rýnom, Nemecko)  |4 prt  |9 525254 
752 |a Nemecko  |d Kolín nad Rýnom 
852 |a snk  |b Historické fondy  |p IE 9750 
958 |a ONDV 
958 |a DA 
999 |c 810697  |d 812627 
952 |t Tlače 16. stor. P60, <04>, [BOOK  |a SNK  |b SNK  |y VYP  |7 0  |p 17A1395400  |o snkIE 9750  |i snkK 630/2000  |8 3  |0 0  |1 0  |4 0  |d 2000-09-25  |f 1  |l 0  |r 2005-01-02 00:00:00  |w 2026-02-24